000
00336nam a22001457a 4500
008
230703b ||||| |||| 00| 0 eng d
020
_a
9780805384464
041
_a
eng
080
_2
SIXTH EDITION
_a
579
082
_a
579TOR
100
_a
15
101
_a
MIRCB
245
_a
MIRCROBIOLOGY AN INTRODUCTION
_c
TORTORA
942
_2
udc
_c
BK
999
_c
60080
_d
60080